000 00578nam a2200193Ia 4500
005 20250923145150.0
008 008 250917s9999 xx 000 0 eng d
037 _aTextual
040 _aDSWL
_beng
_cDSWL
041 _aeng
_2eng
084 _aYX,ZAp2,N64, N67;2
_qDSWL
245 0 _aTowards a philosophy of social work in India
_cEd.by Sugata Dasgupta
260 _aNew Delhi
_b Popular Book Service
_c1967
300 _a247p.
365 _aINR
_b20.00
925 _g20.00
942 _cTEXL
_hYX,ZAp2,N64, N67;2
999 _c1447946
_d1447946